| 000 | 00611nam a2200253 a 4500 | ||
|---|---|---|---|
| 001 | nice12345678 | ||
| 003 | IN_TiNIC | ||
| 005 | 20260116015001.0 | ||
| 008 | 050524s1996 leia grd 000 0 eng | ||
| 020 |
_a0830896 _c100 |
||
| 082 | 0 | 0 |
_a220.3 _bMAR |
| 100 | _aMarshall, I H | ||
| 245 | _aNew Bible Dictionary | ||
| 260 |
_aLeicester _bInter Varsity Press _c1996 |
||
| 300 | _a1298p | ||
| 500 | _aincludes index and biblioraphy | ||
| 505 | 2 | _aIndex | |
| 650 | _aBible-Dictionaries | ||
| 700 | 1 | _aA R Millard | |
| 700 | 1 | _aJ I Packer | |
| 902 | _bRHR | ||
| 942 | _cBK | ||
| 999 |
_c17834 _d17834 |
||